000
00258nam a22000977a 4500
003
SGT
245
_a
INDIAN JOURNAL OF PHARMACEUTICAL EDUCATIOPN & RESEARCH
260
_a
INDIA
_b
ASSOCIATION OF PHARMA TEACHERS OF INDIA ( APTI)
310
_a
1-2
942
_2
ddc
_c
BV
999
_c
29449
_d
29449